00722nam a2200181 a 4500008004100000020001800041050001400059100001500073245003300088260004300121260003900164300001400203350001000217650002100227995014500248995013000393999001700523201117s2017 ||||||||||||||||| || u a9781473634404 aPZ 7.H584 aWhite, Oli10aGeneration NextcBy Oli Whte aLondonbHodder and Stoughton Ltdc2017 aLondonbHodder and Stoughtonc2017 a312 pages a19.78 aENGLISH LANGUAGE aFICTION Collectione905208FCBU-SCHOOL OF MEDICINE LIBRARY (Ndola)I19.78jPZ 7.H584M1UAVAILABLEWNov 20, 2020y905208ZFiction Collection aFICTION Collectione750499FCBU-MAIN LIBRARY (Kitwe)I19.78jPZ 7.H584M2UAVAILABLEWDec 7, 2020y750499ZFiction Collection c75840d75840